Trig & Unit Circle Practice (Pre-Calc - Calc) - Statistics

General Stats
  • This quiz has been taken 576 times
    288 since last reset
  • The average score is 6 of 20
Answer Stats
Question Answer % Correct
Cosine of 2π 1
74%
Sine of π 0
73%
Cosine of π/4 √2/2
73%
Sine of π/4 √2/2
72%
Sine of 5π/4 -√2/2
72%
Sine of 7π/4 -√2/2
72%
Cosine of 11π/6 √3/2
72%
Sine of 0 0
71%
Sine of 3π/4 √2/2
71%
Sine of 2π 0
69%
Cosine of π/2 0
68%
Sine of π/2 1
67%
Cosine of π -1
65%
Cosine of 5π/4 -√2/2
65%
Sine of 3π/2 -1
64%
Sine of 5π/3 -√3/2
64%
Sine of 11π/6 -1/2
63%
Sine of 2π/3 √3/2
62%
Cosine of π/6 √3/2
61%
Cosine of 3π/4 -√2/2
60%
Cosine of 5π/3 1/2
59%
Cosine of 5π/6 -√3/2
58%
Cosine of 0 1
57%
Sine of π/6 1/2
57%
Cosine of 7π/6 -√3/2
57%
Sine of 5π/6 1/2
56%
Cosine of 2π/3 -1/2
56%
Sine of 4π/3 -√3/2
56%
Cosine of 7π/4 √2/2
55%
Sine of π/3 √3/2
54%
Sine of 7π/6 -1/2
53%
Cosine of 4π/3 -1/2
53%
Cosine of 3π/2 0
52%
Cosine of π/3 1/2
50%
Tangent of 0 0
0%
Tangent of π 0
0%
Tangent of 2π 0
0%
Tangent of 0 0
0%
Tangent of π 0
0%
Tangent of 2π 0
0%
Tangent of π/4 1
0%
Tangent of 3π/4 -1
0%
Tangent of 5π/4 1
0%
Tangent of 7π/4 -1
0%
Tangent of π/4 1
0%
Tangent of 3π/4 -1
0%
Tangent of 5π/4 1
0%
Tangent of 7π/4 -1
0%
Tangent of π/3 √3
0%
Tangent of 2π/3 -√3
0%
Tangent of 4π/3 √3
0%
Tangent of 5π/3 -√3
0%
Tangent of π/3 √3
0%
Tangent of 2π/3 -√3
0%
Tangent of 4π/3 √3
0%
Tangent of 5π/3 -√3
0%
Tangent of π/6 √3/3
0%
Tangent of 5π/6 -√3/3
0%
Tangent of 7π/6 √3/3
0%
Tangent of 11π/6 -√3/3
0%
Tangent of π/6 √3/3
0%
Tangent of 5π/6 -√3/3
0%
Tangent of 7π/6 √3/3
0%
Tangent of 11π/6 -√3/3
0%
Tangent of π/2 Undefined
0%
Tangent of 3π/2 Undefined
0%
Tangent of π/2 Undefined
0%
Tangent of 3π/2 Undefined
0%
No matching quizzes found
Score Distribution
Percent of People with Each Score
Percentile by Number Answered
Your Score History
You have not taken this quiz since the last reset